| 000 | 00679nam a2200193Ii 4500 | ||
|---|---|---|---|
| 003 | JO-AjNU | ||
| 008 | 230605s9999||||xx |||||||||||||| ||und|| | ||
| 040 |
_aJO-AjNU _bara _erda _cJO-AjNU |
||
| 041 | _aara | ||
| 050 | 1 | 4 | _aHV568 2006 |
| 100 | 3 |
_a اللجنة الدولية للصليب الأحمر, _eauthor _947288 |
|
| 245 | 0 | 0 | _aتعرف على اللجنة الدولية للصليب الأحمر |
| 264 | 3 | 1 | _aالقاهرة: اللجنة الدولية للصليب الاحمر، 2006 |
| 300 | _a50ص | ||
| 336 |
_atext _btxt _2rdacontent |
||
| 337 |
_aunmediated _bn _2rdamedia |
||
| 338 |
_avolume _bnc _2rdacarrier |
||
| 650 | 4 |
_aالصليب الاحمر _947289 |
|
| 999 |
_aA20632 _c24200 _d24200 |
||